00463nam a2200181 a 450000100060000000300090000600800410001502000150005604000280007108200130009910000210011224500330013326000330016630000100019949000340020965000230024365000150026612924CO-ViMGA141112s2004 ck r 000 u spa d a8474324394 aCO-ViMGAbspacCO-ViMGA04a809 G78s1 aGruenter, Rainer10aSobre la miseria de lo Bello aBarcelona : bGedisa, c1992 a255p. aColección estudios alemanes14aHISTORIA Y CRITICA14aLITERATURA